Statistiques concernant Les Meilleurs buteurs de le Championnat de France 2022-2023

Cliquez ici pour prendre le quiz!

Statistiques générales

  • Ce quiz a été pris 114 fois
  • Le résultat moyen est 9 sur 10

Statistiques - réponses

ButsNationalitéClubJoueur% Correct
29FranceParis Saint-Germain Kylian Mbappé
100%
27FranceOlympique lyonnais Alexandre Lacazette
98%
24CanadaLOSC Lille Jonathan David
96%
19FranceAS Monaco Wissam Ben Yedder
95%
16ArgentineParis Saint-Germain Lionel Messi
94%
21BelgiqueRC Lens Loïs Openda
93%
21États-UnisStade de Reims Folarin Balogun
73%
18NigeriaOGC Nice Terem Moffi
73%
19FranceMontpellier HSC Elye Wahi
67%
20SénégalRC Strasbourg Habib Diallo
61%

Distribution des résultats

Percentile par nombre de réponses

% des personnes avec chaque résultat

Votre développement - résultats

Vous n’avez pas pris ce quiz